000 00263nam a2200097Ia 4500
001 1228024
005 20250827093034.0
008 250824s9999 xx 000 0 und d
245 0 _aSEVGİ KÖPRÜSÜ
_cMUSTAFA AKGÜN
260 _bPANAMA YAYINLARI
999 _c1228024
_d1228024